000 00617nam a22002417a 4500
003 UA-OsUOA
001 27909
007 ta
008 20040916b un ||||| |||| 00| 0 ukr d
100 _aФурман Ю.Н.
090 _a796.012.6
_bФ95
942 _cBK
040 _aUA-OsUOA
_brus
_cUA-OsUOA
_dUA-OsUOA
245 _aСоветы занимающимся оздоровительным бегом
300 _a64 с.
_bІлюстрації
955 _a0
041 _arus
080 _a796.012.6
260 _aКиев
_bЗдоровье
_c1987
044 _aRU
650 7 _2UDC
999 _c314261
_d314261